English Phonetics and Phonology: (Record no. 185583)

MARC details
000 -LEADER
fixed length control field 00548nam a22001817a 4500
005 - DATE AND TIME OF LATEST TRANSACTION
control field 20220204124429.0
010 ## - LCCN (DPL NO)
LC control number ENG-131407
020 ## - INTERNATIONAL STANDARD BOOK NUMBER
International Standard Book Number 9789390473120
Terms of availability 595.00
035 ## - SYSTEM CONTROL NUMBER
System control number EN-114939
037 ## - SOURCE OF ACQUISITION
Source of stock number/acquisition DBAD
082 ## - DEWEY DECIMAL CLASSIFICATION NUMBER
Classification number 480
100 ## - MAIN ENTRY--PERSONAL NAME
Personal name Aazfa, Deeba
245 ## - TITLE STATEMENT
Title English Phonetics and Phonology:
Statement of responsibility, etc Deeba Aazfa
260 ## - PUBLICATION, DISTRIBUTION, ETC. (IMPRINT)
Place of publication, distribution, etc New Delhi
Name of publisher, distributor, etc Academic Aspirations
Date of publication, distribution, etc 2021
270 ## - ADDRESS
Address 4740/23, Ansari Road, Daryaganj
City New Delhi
Postal code 110002
Electronic mail address academicaspiration@gmail.com
300 ## - PHYSICAL DESCRIPTION
Extent 356p.
Dimensions 23cm(pbk)
942 ## - ADDED ENTRY ELEMENTS (KOHA)
Source of classification or shelving scheme Dewey Decimal Classification
Item type English Books
Classification part 480
Call number suffix AAZ
Holdings
Withdrawn status Lost status Not for loan Collection code Home library Current library Date acquired Source of acquisition Cost, normal purchase price Full call number Barcode Copy number Cost, replacement price Koha item type
      Non-fiction Ashok Vihar Ashok Vihar 04/02/2022 DBAD/PUB 595.00 480 AAZ EN-114939 1 595.00 English Books

© Delhi Public Library
Hit Counter
free hit counter